Major Australian Airports - Statistics

General Stats
  • This quiz has been taken 38 times
  • The average score is 20 of 30
Answer Stats
IATA Airport % Correct
ADL Adelaide
100%
BNE Brisbane
100%
MEL Melbourne
100%
PER Perth
100%
SYD Sydney
100%
CBR Canberra
91%
HBA Hobart
91%
ASP Alice Springs
88%
DRW Darwin
88%
CNS Cairns
85%
OOL Gold Coast
85%
LST Launceston
67%
ROK Rockhampton
67%
TSV Townsville
67%
DBO Dubbo
61%
MKY Mackay
61%
WGA Wagga Wagga
61%
NTL Newcastle
58%
CFS Coffs Harbour
52%
MCY Sunshine Coast
52%
ABX Albury
45%
AYQ Ayers Rock
45%
BDB Bundaberg
45%
EMD Emerald
42%
ISA Mt Isa
42%
GLT Gladstone
39%
PQQ Port Macquarie
39%
RMA Roma
36%
HVB Hervey Bay
33%
WTB Toowoomba
24%
No matching quizzes found
Score Distribution
Percent of People with Each Score
Percentile by Number Answered
Your Score History
You have not taken this quiz